Best NBA player by jersey Number 2016 #00-30 - Statistics

General Stats
  • This quiz has been taken 350 times
  • The average score is 11 of 31
Answer Stats
Jersey Number Player % Correct
23 Lebron James
93%
0 Russell Westbrook
93%
30 Stephen Curry
90%
13 James Harden
86%
16 Pau gasol
66%
2 Kawhi Leonard
63%
3 Chris Paul
60%
4 Paul Millsap
60%
11 Klay thompson
57%
7 Carmelo Anthony
45%
20 Gordon Hayward
45%
00 Aaron Gordon
40%
25 Derrick Rose
39%
21 Jimmy butler
34%
6 Deandre jordan
33%
10 Demar Derozan
30%
15 demarcus cousins
27%
8 Dwight Howard
25%
1 Devin Booker
21%
22 Andrew Wiggins
19%
27 Rudy Gobert
19%
12 Lamarcus Aldridge
18%
26 Kyle Korver
11%
5 Victor oladipo
10%
14 Michael kidd-gilchrist
3%
28 Ian Mahinmi
2%
17 Jonas valunciunas
2%
24 Kent Bazemore
2%
19 Leandro Barbosa
2%
18 Omri casspi
1%
29 Zach auguste
1%
No matching quizzes found
Score Distribution
Percent of People with Each Score
Percentile by Number Answered
Your Score History
You have not taken this quiz